[Event "CZE-chT1c 9495"]
[Site "?"]
[Date "1995.??.??"]
[Round "8"]
[White "Sedlacek, Oldrich"]
[Black "Neuschl, Zdenek"]
[Result "1-0"]
[WhiteElo "2275"]
[BlackElo "2145"]

1.Nf3 d5 2.g3 Nf6 3.Bg2 c6 4.O-O Bg4 5.d3 Nbd7 6.Nbd2 g6 7.e4 Bg7 8.Qe2 Ne5
9.h3 Nxf3+ 10.Nxf3 Bxf3 11.Qxf3 dxe4 12.dxe4 Nd7 13.Qe2 e5 14.a4 O-O 15.Be3 Qc7
16.Rfd1 a5 17.c3 Rfd8 18.Qc4 Bf8 19.Bg5 Re8 20.Rd2 Be7 21.Be3 Red8 22.Rad1 Nf8
23.Qb3 Rxd2 24.Rxd2 Nd7 25.Bf1 Kg7 26.Bc4 Rf8 27.Qd1 Rd8 28.Ba2 Nf8 29.Qb3 Ne6
30.Bb6 Qc8 31.Bxd8 Bxd8 32.Qd1 Bb6 33.Bxe6 Qxe6 34.Kg2 Qc4 35.Qf3 Bc5 36.Rd7 b5
37.axb5 cxb5 38.Qd3 Qe6 39.Qd5  1-0

[Event "CZE-chT1c 9495"]
[Site "?"]
[Date "1995.??.??"]
[Round "10"]
[White "Sedlacek, Oldrich"]
[Black "Lys, Josef"]
[Result "0-1"]
[WhiteElo "2275"]
[BlackElo "2270"]

1.Nf3 d5 2.g3 g6 3.c4 c6 4.Bg2 dxc4 5.Qc2 Bg7 6.Qxc4 Nf6 7.O-O O-O 8.d3 Nbd7
9.Nc3 e5 10.Qh4 Re8 11.Bh6 Bh8 12.Bg5 Qb6 13.Rab1 a5 14.Nd2 Qd4 15.Nde4 Nxe4
16.Nxe4 f5 17.Be3 Qb4 18.a3 Qf8 19.Ng5 Qe7 20.Qc4+ Kg7 21.Nf3 h6 22.b4 Nf6
23.Bc5 Qc7 24.bxa5 Qxa5 25.Rfc1 e4 26.dxe4 fxe4 27.Nd4 Qd8 28.Rd1 Qd5 29.Qc2 Qf7
30.h3 Kh7 31.Bb4 Bg7 32.e3 Bd7 33.Nb3 Be6 34.Nc5 Bd5 35.Bc3 b5 36.Bxf6 Qxf6
37.Nxe4 Qf5 38.f3 Rxa3 39.g4 Qf8 40.Re1 Bxe4 41.fxe4 Rc3 42.Qd2 Rd8 43.Qf2 Qc5
44.Kh1 Rf8 45.Qd2 b4 46.Rec1 Rf7 47.e5 Bxe5 48.Rf1 Rxf1+ 49.Rxf1 Bg7 50.Qd7 Qxe3
51.h4 Qd4 52.Qc8 h5  0-1

[Event "CZE-chT2"]
[Site "?"]
[Date "1995.??.??"]
[Round "?"]
[White "Stratil, Petr"]
[Black "Pacovsky, Jiri"]
[Result "0-1"]
[WhiteElo "2265"]
[BlackElo "2285"]

1.Nf3 d5 2.g3 Nf6 3.Bg2 c6 4.O-O Bf5 5.d3 e6 6.Nbd2 Nbd7 7.c3 Bc5 8.a4 a5
9.Nh4 Bg4 10.h3 Bh5 11.Qe1 Qc7 12.d4 Be7 13.f4 Bg6 14.Nxg6 hxg6 15.e4 dxe4
16.Nxe4 Nxe4 17.Qxe4 Nf6 18.Qf3 Qb6 19.Be3 Nd5 20.Bf2 Qb3 21.Qe2 O-O 22.Be4 b5
23.axb5 cxb5 24.Bd3 Rfb8 25.Rfb1 a4 26.Be1 Ra7 27.h4 Nf6 28.Bf2 Rab7 29.Bc2 Qd5
30.Re1 Rc7 31.Qd1 Bd6 32.Qd3 Rbc8 33.Bd1 a3 34.bxa3 Rxc3 35.Qe2 Bxa3 36.Qa2 Qxa2
37.Rxa2 Nd5 38.Rf1 Nb4 39.Ra1 Nd3 40.Be3 Nb2 41.Kf2 Nc4 42.Re1 Bb2 43.Rb1 Rxe3  0-1

[Event "CZE-chT2"]
[Site "?"]
[Date "1995.??.??"]
[Round "?"]
[White "Hachaj, Adam"]
[Black "Muron, Miroslav"]
[Result "1-0"]
[WhiteElo "2285"]
[BlackElo "2245"]

1.Nf3 d5 2.g3 g6 3.Bg2 Bg7 4.O-O Nf6 5.d3 O-O 6.Nbd2 c5 7.e4 dxe4 8.dxe4 Nc6
9.c3 Qc7 10.Qc2 Rd8 11.Nh4 Ne5 12.f4 Nd3 13.Nc4 Nxc1 14.Raxc1 Ng4 15.Rce1 Be6
16.Qe2 b5 17.Nd2 Qd7 18.e5 Rac8 19.Nhf3 Qd3 20.h3 Nh6 21.Qxd3 Rxd3 22.Rf2 Nf5
23.Bf1 Re3 24.g4 Rxe1 25.Nxe1 Ne3 26.Bxb5 Bxa2 27.c4 f6 28.Re2 Nd1 29.Ne4 fxe5
30.Nc3 Rd8 31.Nxa2 exf4 32.Nc3 Ne3 33.Nc2 Nxc2 34.Rxc2 Rd3 35.Kh2 f3 36.Bc6 Be5+
37.Kg1 Bd4+ 38.Kf1 e5 39.Be4 Re3 40.Bc6 Rd3 41.Be4 Re3 42.Bd5+ Kg7 43.Rf2 Bxc3
44.bxc3 e4 45.Rc2 a5 46.Kf2 Re2+ 47.Rxe2 fxe2 48.Bxe4 a4 49.Kxe2 a3 50.Bb1 Kf6
51.Kf3 Ke5 52.Ke3  1-0

[Event "CZE-chT2"]
[Site "?"]
[Date "1995.??.??"]
[Round "?"]
[White "Hachaj, Adam"]
[Black "Svatos, Jan"]
[Result "1/2-1/2"]
[WhiteElo "2285"]
[BlackElo "2290"]

1.Nf3 d5 2.g3 c6 3.Bg2 Bg4 4.O-O Nd7 5.d3 e5 6.Nbd2 Ngf6 7.e4 dxe4 8.dxe4 Qc7
9.Qe2 Rd8 10.h3 Bxf3 11.Nxf3  1/2-1/2

[Event "CZE-chT1 9596"]
[Site "CZE"]
[Date "1995.??.??"]
[Round "?"]
[White "Hlavnicka, Jiri"]
[Black "Novotny, Josef"]
[Result "1-0"]
[WhiteElo "2210"]
[BlackElo "2225"]

1.Nf3 d5 2.g3 c5 3.Bg2 Nc6 4.d4 e6 5.O-O Nf6 6.c4 dxc4 7.Ne5 Nxe5 8.dxe5 Qxd1
9.Rxd1 Nd7 10.Na3 Be7 11.Nxc4 Rb8 12.a4 O-O 13.f4 Rd8 14.Be3 b6 15.a5 b5
16.Nd6 f6 17.Bc6 Nf8 18.Bxc5 Bd7 19.Bf3 Rbc8 20.Bxa7 Bxd6 21.Rxd6 Be8 22.Rxd8 Rxd8
23.Bb6 Rc8 24.a6 Nd7 25.Bd4 fxe5 26.fxe5  1-0

[Event "CZE-chT1 9596"]
[Site "CZE"]
[Date "1995.??.??"]
[Round "?"]
[White "Mojzis, Jaroslav"]
[Black "Marsalek, Zdenek"]
[Result "1/2-1/2"]
[WhiteElo "2220"]
[BlackElo "2190"]

1.Nf3 d5 2.g3 g6 3.c4 c6 4.b3 Bg7 5.d4 Nf6 6.Bg2 O-O 7.O-O Bf5 8.Bb2 Qa5
9.Nbd2 Ne4 10.h3 Rd8 11.Re1 Na6 12.a3 Nxd2 13.Nxd2 Rd7 14.b4 Qd8 15.g4 dxc4
16.e3 Be6 17.Qc2 Bd5 18.Nxc4 Bxg2 19.Kxg2 Nc7 20.Na5 Rb8 21.Nb3 Rd5 22.Rac1 Ne6
23.Red1 Qd7 24.f3 Rd8 25.Bc3 Nc7 26.Nc5 Qc8 27.a4 Ne6 28.Nb3 h5 29.Be1 Bh6
30.Bf2 Qd7 31.Rb1 a6 32.Nc5 Qc8 33.Rb3 hxg4 34.hxg4 Nxc5 35.bxc5 e5 36.Rdb1 exd4
37.exd4 Bg7 38.Rxb7 Bxd4 39.Bxd4 Rxd4 40.Qb3 Rd2+ 41.Kg3 R2d5  1/2-1/2

[Event "Debrecen-ch"]
[Site "Debrecen"]
[Date "1995.??.??"]
[Round "2"]
[White "Felegyhazi, Laszlo"]
[Black "Donka, Peter"]
[Result "1-0"]
[WhiteElo "2350"]
[BlackElo "2270"]

1.Nf3 d5 2.g3 Nc6 3.c4 dxc4 4.Bg2 e5 5.Qa4 Bd6 6.Qxc4 Be6 7.Qa4 f5 8.O-O h6
9.d3 Nf6 10.Nc3 O-O 11.Bd2 Kh8 12.Nb5 a6 13.Nxd6 cxd6 14.Rac1 Qd7 15.Rfe1 Qf7
16.Bb4 Rfd8 17.Ba5 Rd7 18.b3 Rf8 19.Bc3 Ng4 20.h3 Nf6 21.Bb2 Qg6 22.Rxc6 bxc6
23.Qxc6 Bd5 24.Nh4 Qf7 25.Bxd5 Nxd5 26.Ng6+ Qxg6 27.Qxd7 f4 28.g4 f3 29.Bxe5 Qg5
30.Qxd6 Rd8 31.Qe6 Qd2 32.Kf1 fxe2+ 33.Rxe2 Qxd3 34.Qxh6+ Qh7 35.Bxg7+ Kg8
36.Qxh7+ Kxh7 37.Be5 Nb4 38.f4 Rd3 39.Kg2 Nd5 40.f5 Ne3+ 41.Kh2 Nf1+ 42.Kg1 Nd2
43.Kg2 Nf3 44.Bg3 Nd4 45.Rf2 Kg8 46.g5 Kg7 47.g6 Kf6 48.Be5+ Kxe5 49.g7 Nxf5
50.Rxf5+  1-0

[Event "Debrecen-ch"]
[Site "Debrecen"]
[Date "1995.??.??"]
[Round "11"]
[White "Felegyhazi, Laszlo"]
[Black "Mate, Laszlo"]
[Result "1/2-1/2"]
[WhiteElo "2350"]
[BlackElo "2345"]

1.Nf3 d5 2.g3 Bg4 3.Bg2 Nd7 4.d3 e6 5.O-O Ngf6 6.c4 c6 7.cxd5 cxd5 8.Bf4 Qb6
9.Qb3 Qxb3 10.axb3 Bc5 11.h3 Bxf3 12.Bxf3 Bd4 13.Nc3 Be5 14.Nb5 Bxf4 15.gxf4 Ke7
16.Nxa7 Nc5 17.Ra3 Nxb3 18.Rxb3 Rxa7 19.Rc1 Rd8 20.f5 exf5 21.Rb5 Rd7 22.Rc3 g5
23.e3 h6 24.Kh2 Ke6 25.Rc8 h5 26.Kg3 h4+ 27.Kh2 Ke7 28.Rcc5 Ke6 29.Rc8 Ke7
30.Rcc5 Ke6 31.Bd1 Ra6 32.Rc8 Rc6 33.Rb8 Rcc7 34.Ba4 Rd6 35.R5xb7 Rxb7 36.Rxb7 Ra6
37.Bb3 Rd6 38.Kg2 Nd7 39.e4 fxe4 40.dxe4 Nf6 41.exd5+ Ke5 42.Kf3 Nxd5 43.Rb5 f5
44.Kg2 g4 45.f4+ Kxf4 46.Rxd5 Rb6 47.Rd3 Rb7 48.Kf2 Rb4 49.Rc3 Rb7 50.Ke2 Re7+
51.Kd2 g3 52.Rc1 Kf3 53.Rf1+ Kg2 54.Rxf5 Kxh3 55.Rg5 Kh2 56.Bd5 h3 57.Kc3 g2
58.Bxg2 hxg2 59.Rh5+ Kg3 60.Rg5+ Kf2 61.Rf5+ Ke1 62.Rg5 Re2 63.b4 Kf1 64.Kc4 g1=Q
65.Rxg1+ Kxg1 66.Kd5 Kf2 67.b5 Ke3 68.b6 Rb2 69.Kc6 Kd4 70.b7 Ke5  1/2-1/2

[Event "Decin op"]
[Site "Decin"]
[Date "1995.??.??"]
[Round "7"]
[White "Pletanek, Jan"]
[Black "Grechanovskaya, Elena"]
[Result "1-0"]
[WhiteElo "2275"]
[BlackElo "2140"]

1.Nf3 d5 2.g3 Nf6 3.Bg2 Bf5 4.O-O c6 5.d3 h6 6.Nc3 e6 7.Qe1 Be7 8.e4 Bh7
9.Bf4 O-O 10.e5 Nfd7 11.g4 c5 12.Bg3 Nc6 13.a3 a6 14.Qe2 b5 15.h4 Nd4 16.Nxd4 cxd4
17.Nd1 Bxh4 18.Bxh4 Qxh4 19.f4 Rae8 20.Rf3 f5 21.Rh3 Qxg4 22.Qf2 Qg6 23.Qxd4 Rc8
24.Ne3 Nb8 25.Kh1 Qe8 26.Rg1 Kh8 27.Bf3 Qd8 28.b4 Nc6 29.Qb2 Qb6 30.Ng2 Nd4
31.Bd1 Rc7 32.c3 Nc6 33.d4 Rcc8 34.Ne1 Nd8 35.Qg2 Qa7 36.Rg3 Rf7 37.Nf3 Rxc3
38.Ng5 Rfc7 39.Rxc3 Rxc3 40.Nxh7 Kxh7 41.Qg6+ Kh8 42.Qe8+ Kh7 43.Bh5 Rh3+
44.Kg2 Rxh5 45.Qxh5 Qxd4 46.Kh1 Qe4+ 47.Rg2 g5 48.fxg5 Qe1+ 49.Kh2 Qxe5+
50.Kh3 d4 51.Qe8 hxg5 52.Qh5+ Kg8 53.Qxg5+ Kf7 54.Qg8+ Ke7 55.Rg7+ Kd6 56.Qxd8+ Kc6
57.Qd7+  1-0

[Event "DEN-chT9596"]
[Site "DEN"]
[Date "1995.??.??"]
[Round "3"]
[White "Lyrberg, Patrik"]
[Black "Andersen, Ib"]
[Result "1/2-1/2"]
[WhiteElo "2415"]
[BlackElo "2245"]

1.Nf3 d5 2.g3 c5 3.Bg2 Nc6 4.O-O e5 5.d3 Bd6 6.e4 d4 7.Nh4 Nge7 8.Na3 O-O
9.Nc4 Bc7 10.a4 Be6 11.f4 exf4 12.gxf4 f6 13.Bd2 a6 14.Qh5 b6 15.a5 Bf7 16.Qg4 b5
17.Nb6 Bxb6 18.axb6 Qxb6 19.e5 Kh8 20.e6 Be8 21.f5 Ne5 22.Qh3 Bc6 23.Bxc6 Qxc6
24.Bf4  1/2-1/2

[Event "Dhaka"]
[Site "Dhaka"]
[Date "1995.??.??"]
[Round "12"]
[White "Murshed, Niaz"]
[Black "Rahman, Ziaur"]
[Result "1/2-1/2"]
[WhiteElo "2520"]
[BlackElo "2445"]

1.Nf3 d5 2.g3 Bg4 3.Bg2 Nd7 4.h3 Bxf3 5.Bxf3 c6 6.d3 e6 7.Nd2 Bc5 8.Bg2 Ne7
9.e4 O-O 10.O-O a5 11.a4 Ba7 12.Kh1 Nc5 13.b3 f5 14.exd5 Nxd5 15.Bb2 Nd7
16.Nc4 Qg5 17.Qf3 f4 18.Rae1  1/2-1/2

[Event "Dortmund op"]
[Site "Dortmund"]
[Date "1995.??.??"]
[Round "4"]
[White "Ellers, Holger"]
[Black "Fleischer, Uwe"]
[Result "1-0"]
[WhiteElo "2360"]
[BlackElo "2030"]

1.Nf3 d5 2.g3 Nf6 3.Bg2 c5 4.O-O Nc6 5.d4 e6 6.c4 Be7 7.cxd5 exd5 8.Be3 c4
9.b3 cxb3 10.Qxb3 O-O 11.Ne5 Na5 12.Qa4 b6 13.Bd2 Ne4 14.Bxa5 bxa5 15.Nc6 Bd7
16.Nxe7+ Qxe7 17.Qxa5 Qe6 18.Nd2 Nxd2 19.Qxd2 Bb5 20.Rfe1 Rac8 21.e4 dxe4
22.Rxe4 Qa6 23.h4 Qa4 24.d5 Qc2 25.Qxc2 Rxc2 26.Re7 a6 27.a4 Be2 28.Re1 Bg4
29.R1e4 Bf5 30.Rf4 Bc8 31.Rd4 Rd8 32.d6 Kf8 33.Ra7 Ke8 34.Re7+ Kf8 35.Re1 Bd7
36.Bb7 Ra2 37.Bxa6 Bxa4 38.Bc4 Ra3 39.Re7 Rd7 40.Rde4 Ra1+ 41.Kh2 Rxe7 42.Rxe7 Bc6
43.Rxf7+ Ke8 44.g4  1-0

[Event "Dortmund op"]
[Site "Dortmund"]
[Date "1995.??.??"]
[Round "9"]
[White "Petrosian, Arshak B"]
[Black "Mainka, Gregor"]
[Result "1/2-1/2"]
[WhiteElo "2435"]
[BlackElo "2335"]

1.Nf3 d5 2.g3 c6 3.Bg2 Bg4 4.c4 e6 5.cxd5 exd5 6.d3 Nf6 7.Nbd2 Be7 8.h3 Bxf3
9.Nxf3 Nbd7 10.O-O O-O 11.Qc2 Re8 12.b3 Bd6 13.a3 a5 14.Bb2 Qb6 15.e3 Bf8
16.Rfe1 g6 17.Rac1 Nh5 18.Nd4  1/2-1/2

[Event "Dresden (Women)"]
[Site "Dresden"]
[Date "1995.??.??"]
[Round "?"]
[White "Gurieli, Nino"]
[Black "Trabert, Bettina"]
[Result "1-0"]
[WhiteElo "2360"]
[BlackElo "2210"]

1.Nf3 d5 2.g3 c6 3.Bg2 Bg4 4.c4 Nd7 5.cxd5 cxd5 6.Nc3 e6 7.Qa4 Bh5 8.g4 Bg6
9.Ne5 a6 10.Nxg6 hxg6 11.d4 Bd6 12.h3 b5 13.Qb3 Ne7 14.e4 Nb6 15.Bg5 f6 16.Be3 Qd7
17.O-O b4 18.exd5 exd5 19.Ne2 Rc8 20.Bf4 a5 21.Rfe1 Kf7 22.Qg3 Bxf4 23.Nxf4 g5
24.Ne6 Rc6 25.Nc5 Qc7 26.b3 Ng6 27.Rac1 Nf4 28.Qe3 Rc8 29.Bf1 Rh8 30.Ne6 Qd6
31.Rxc6 Qxc6 32.Nd8+ Rxd8 33.Qe7+ Kg6 34.Qxd8 Qc3 35.Qe8+ Kh7 36.Qe3 Qc2
37.h4 Qxa2 38.hxg5 fxg5 39.Bd3+ Kh6 40.Qg3 g6 41.Bf1 a4 42.Qh2+ Kg7 43.Re7+ Kf6
44.Qh7  1-0

[Event "Dresden op"]
[Site "Dresden"]
[Date "1995.??.??"]
[Round "?"]
[White "Maiwald, Jens Uwe"]
[Black "Sturua, Zurab"]
[Result "1-0"]
[WhiteElo "2485"]
[BlackElo "2540"]

1.Nf3 d5 2.g3 c6 3.Bg2 Bg4 4.O-O Nd7 5.d4 e6 6.Nbd2 Ngf6 7.Re1 Be7 8.e4 dxe4
9.Nxe4 Nxe4 10.Rxe4 Bf5 11.Re1 O-O 12.c3 a5 13.a4 Nf6 14.Ne5 h6 15.Qb3 Rb8
16.Bd2 Nd5 17.Rad1 Re8 18.h3 Bf8 19.Bc1 Qe7 20.Re2 Red8 21.c4 Nb4 22.c5 b6
23.cxb6 Rxb6 24.Nc4 Ra6 25.Bf4 Qa7 26.g4 Bd3 27.Red2 Bh7 28.Ne5 Nd5 29.Bg3 Rb6
30.Qa2 Qb7 31.Nc4 Rb4 32.Rc1 Qa8 33.Ne5 Rb6 34.Qc4 Rc8 35.Qe2 Qb7 36.Nc4 Ra6
37.Bd6 Rd8 38.Bxf8 Kxf8 39.Qf3 Kg8 40.Bf1 Nb4 41.Ne5 Rb6 42.Rc5 Qa7 43.Bg2 Rbb8
44.Qc3 Rb6 45.b3 Rdb8 46.Nxc6 Nxc6 47.Rxc6 Rxc6 48.Qxc6 Bg6 49.d5 exd5 50.Bxd5 Qe7
51.Rd1 Kh7 52.Bc4 h5 53.Qd6 Qe8 54.Qd5 hxg4 55.hxg4 Qc8 56.Rd4 Qc7 57.Qd6 Qb7
58.Qe5 Rc8 59.Qxa5 Re8 60.Qc3 Re5  1-0

[Event "Arabian ch"]
[Site "Dubai"]
[Date "1995.??.??"]
[Round "?"]
[White "Battikhi, H."]
[Black "Abdul Wahab, A Rasheed"]
[Result "0-1"]
[WhiteElo "2250"]
[BlackElo "2410"]

1.Nf3 d5 2.g3 Bf5 3.Bg2 Nf6 4.O-O e6 5.c4 c6 6.Qb3 Qc7 7.d4 Nbd7 8.Bf4 dxc4
9.Qxc4 Bd6 10.Bxd6 Qxd6 11.Nc3 h6 12.Rfe1 Ne4 13.Rad1 Nxc3 14.bxc3 Be4 15.d5 Bxd5
16.Qg4 O-O 17.e4 f5 18.exf5 exf5 19.Qd4 Qf6 20.c4 Bxf3 21.Bxf3 Qxd4 22.Rxd4 Nf6
23.c5 Rad8 24.Rb4 Rd7 25.Rd1 Rff7 26.Kf1 Kf8 27.Rdb1 Ke8 28.h4 g6 29.h5 g5
30.Bd1 Ne4 31.Bb3 Rfe7 32.Rc1 Re5 33.g4 fxg4 34.Rd1 Rxd1+ 35.Bxd1 Nxc5 36.Rxg4 Nd3
37.Be2 Nf4 38.Bc4 Rc5 39.Bb3 Rc1+  0-1

[Event "Elgoibar"]
[Site "Elgoibar"]
[Date "1995.??.??"]
[Round "1"]
[White "Ubilava, Elizbar"]
[Black "Campora, Daniel H"]
[Result "1/2-1/2"]
[WhiteElo "2525"]
[BlackElo "2550"]

1.Nf3 d5 2.g3 Bg4 3.Bg2 Nd7 4.c4 e6 5.b3 Be7 6.O-O Bf6 7.Nc3 Ne7 8.Ba3 c5
9.Rc1 Qa5 10.Na4 Rc8 11.d4 b5 12.cxb5 Bxf3 13.exf3 Bxd4 14.b4 cxb4 15.Qxd4 bxa3
16.Qxg7 Rf8 17.Qd4 Nf5 18.Qd1 Qxb5  1/2-1/2

[Event "Elgoibar"]
[Site "Elgoibar"]
[Date "1995.??.??"]
[Round "3"]
[White "Ubilava, Elizbar"]
[Black "Kosten, Anthony C"]
[Result "1-0"]
[WhiteElo "2525"]
[BlackElo "2540"]

1.Nf3 d5 2.g3 g6 3.c4 e6 4.d4 Bg7 5.Bg2 Ne7 6.O-O O-O 7.Qc2 Nbc6 8.Re1 Nf5
9.e3 a5 10.Nc3 dxc4 11.Qe2 Bd7 12.Qxc4 Nd6 13.Qe2 e5 14.d5 Ne7 15.e4 b5 16.b3 b4
17.Na4 Bb5 18.Qc2 c6 19.dxc6 Bxc6 20.Bb2 Bxe4 21.Qc5 Nef5 22.Bxe5 Rc8 23.Qa7 Bxf3
24.Bxg7 Kxg7 25.Bxf3 Qf6 26.Nb6 Nd4 27.Bg2 Rc2 28.Rf1 N6b5 29.Qxa5 Re8 30.Nd5 Qe5
31.Ne3 Rxf2 32.Rxf2 Qxe3 33.Rf1 Re5 34.Kh1 Nf5 35.Qxb4 Nxg3+ 36.hxg3 Rh5+
37.Kg1 Nd4 38.Qd2  1-0

[Event "Elgoibar"]
[Site "Elgoibar"]
[Date "1995.??.??"]
[Round "8"]
[White "Ubilava, Elizbar"]
[Black "Iruzubieta, Jesus Maria"]
[Result "1-0"]
[WhiteElo "2525"]
[BlackElo "2385"]

1.Nf3 d5 2.g3 c6 3.Bg2 Bg4 4.d3 Nd7 5.Nbd2 e6 6.O-O h5 7.h3 Bxf3 8.Nxf3 Bd6
9.e4 Ne7 10.Qe2 Qc7 11.Re1 dxe4 12.dxe4 Ng6 13.h4 Nde5 14.Nxe5 Nxe5 15.Bh3 O-O-O
16.Be3 Kb8 17.Red1 Qe7 18.Kg2 f6 19.f4 Nf7 20.Rd3 g5 21.e5 Bxe5 22.fxe5 Rxd3
23.cxd3 g4 24.Bxg4 hxg4 25.exf6 Qxf6 26.Rf1 Qg6 27.Bg5 Re8 28.Rf6 Qh7 29.Bf4+ e5
30.d4 Qg7 31.dxe5 Kc8 32.Kf2 Nd8 33.h5 Qd7 34.Rd6 Qf5 35.Rg6 Qxh5 36.Qxg4+ Qxg4
37.Rxg4 Nf7 38.Rg7 Nxe5 39.Bxe5 Rxe5 40.g4 Ra5 41.a3 Rb5 42.b4 a5 43.bxa5 Rxa5
44.g5 Rxa3 45.g6 Ra2+ 46.Kf3 Ra3+ 47.Kf4 Rh3 48.Kf5 Rh5+ 49.Kf6 c5 50.Rf7 Rh6
51.Kf5  1-0

[Event "RUS-ch"]
[Site "Elista"]
[Date "1995.??.??"]
[Round "2"]
[White "Rustemov, Alexander"]
[Black "Yakovich, Yuri"]
[Result "1-0"]
[WhiteElo "2475"]
[BlackElo "2560"]

1.Nf3 d5 2.g3 c6 3.Bg2 Bg4 4.c4 e6 5.b3 Nf6 6.Bb2 Nbd7 7.d3 Bd6 8.Nbd2 O-O
9.O-O Qe7 10.a3 a5 11.Qc2 e5 12.h3 Bh5 13.e4 dxe4 14.dxe4 Rfd8 15.Nh4 Bc5
16.Nf5 Qf8 17.Kh1 Bg6 18.Nh4 Qe7 19.Nxg6 hxg6 20.Nf3 Nh7 21.h4 Nhf8 22.Bh3 f6
23.Rfd1 Ne6 24.Bc3 Ndf8 25.Rxd8 Qxd8 26.Kg2 b6 27.Ra2 Nd4 28.Bxd4 Bxd4 29.Qd1 Qd6
30.a4 Rd8 31.Rd2 Qc5 32.Bg4 Qd6 33.Qh1 Qe7 34.Qh3 Rd6 35.Rd1 Bc5 36.Rh1 Kf7
37.h5 gxh5 38.Bxh5+ Kg8 39.Bg4 g6 40.Qh8+ Kf7 41.Rh6 Ke8 42.Nh4 Rd2 43.Nxg6 Rxf2+
44.Kh3 Qd6 45.Nxf8 Qxf8 46.Qh7 Be7 47.Rg6  1-0

[Event "RUS-ch"]
[Site "Elista"]
[Date "1995.??.??"]
[Round "2"]
[White "Frog, Ilya"]
[Black "Sveshnikov, Evgeny"]
[Result "1/2-1/2"]
[WhiteElo "2295"]
[BlackElo "2580"]

1.Nf3 d5 2.g3 c6 3.Bg2 Nf6 4.O-O Bf5 5.d3 e6 6.Nbd2 Be7 7.Qe1 h6 8.e4 Bh7
9.Qe2 O-O 10.Re1 Re8 11.Ne5 Nbd7 12.Nxd7 Nxd7 13.Nf3 Bf8 14.Bf4 e5 15.Bc1 Nc5
16.Nh4 Qd7 17.Bf3 Rad8 18.Bg4 Qc7 19.Bf5 g6 20.Bh3 Ne6 21.Be3 c5 22.Bxe6 Rxe6
23.c4 dxe4 24.dxe4 Qc6 25.f3 f5 26.exf5 gxf5 27.Rad1 Rxd1 28.Rxd1 Rd6 29.Rxd6 Qxd6
30.f4 e4 31.g4 Qd3 32.Qxd3 exd3 33.Nxf5 Bxf5 34.gxf5 Kf7 35.Kf2 Kf6 36.Kf3 Kxf5
37.b3 b6 38.h3 Bg7 39.Bd2 Bd4 40.Be1 Bg1 41.Bd2 Bd4 42.a4 a5 43.Be1 Bb2 44.Ke3 Bc1+  1/2-1/2

[Event "RUS-ch"]
[Site "Elista"]
[Date "1995.??.??"]
[Round "3"]
[White "Sher, Miron N"]
[Black "Saulin, Dmitri"]
[Result "1/2-1/2"]
[WhiteElo "2510"]
[BlackElo "2345"]

1.g3 d5 2.Nf3 c6 3.Bg2 Bg4 4.c4 e6 5.cxd5 exd5 6.d3 Nd7 7.Nbd2 Ngf6 8.h3 Bh5
9.O-O Bc5 10.Nb3 Bb6 11.Nbd4 O-O 12.b4 Ne5 13.Bb2 Nxf3+ 14.Nxf3 Bxf3 15.exf3 Qd6
16.a4 Qxb4 17.Ba3 Qd4 18.Bxf8 Rxf8 19.Qb3 Nd7 20.a5 Nc5 21.Qc2 Bc7 22.f4 g5
23.Rfc1 Bd6 24.Qc3 Qxc3 25.Rxc3 gxf4 26.a6 Be5 27.Rxc5 Bxa1 28.axb7 Rb8  1/2-1/2

[Event "RUS-ch (Women)"]
[Site "Elista"]
[Date "1995.??.??"]
[Round "9"]
[White "Manakova, Maria"]
[Black "Stepovaia Dianchenko, Tatiana"]
[Result "0-1"]
[WhiteElo "2380"]
[BlackElo "2310"]

1.Nf3 d5 2.g3 c6 3.Bg2 Nf6 4.O-O g6 5.d3 Bg7 6.Nbd2 O-O 7.e4 dxe4 8.Nxe4 Nxe4
9.dxe4 Qxd1 10.Rxd1 Na6 11.c3 Nc5 12.Nd4 e5 13.Ne2 Re8 14.Be3 Bf8 15.Rd2 Be6
16.Rad1 a5 17.Nc1 a4 18.f3 f6 19.h4 Kf7 20.g4 Rac8 21.g5 Rc7 22.Bf1 Rd7 23.Rxd7+ Nxd7
24.a3 Nc5 25.Nd3 Nxd3 26.Rxd3 Be7 27.gxf6 Bxf6 28.Bg5 Rh8 29.Kh2 h6 30.Bxf6 Kxf6
31.Bh3 Bxh3 32.Kxh3 Ke6 33.Kg3 Rf8 34.Kg4 Rf4+ 35.Kg3 Ke7 36.c4 Rf8 37.c5 Rd8
38.Rxd8 Kxd8 39.h5 Ke7 40.hxg6 Kf6 41.f4 exf4+ 42.Kxf4 Kxg6 43.Ke5 Kf7 44.Kd6 Ke8
45.Kc7 h5 46.Kxb7 Kd7 47.e5 h4 48.e6+ Kxe6 49.Kxc6 h3  0-1

[Event "RUS-ch"]
[Site "Elista"]
[Date "1995.??.??"]
[Round "9"]
[White "Makarov, Marat"]
[Black "Sorokin, Maxim"]
[Result "1/2-1/2"]
[WhiteElo "2520"]
[BlackElo "2550"]

1.Nf3 d5 2.g3 g6 3.c4 c6 4.Qa4 Nd7 5.cxd5 cxd5 6.Bg2 Bg7 7.O-O e6 8.Nc3 Ne7
9.d4 O-O 10.Bf4 Nc6 11.Rfd1 Nb6 12.Qb3 Bd7 13.e4 dxe4 14.Nxe4 Ne7 15.Nc5 Bc6
16.Be5  1/2-1/2

[Event "Enghien les Bains"]
[Site "Enghien les Bains"]
[Date "1995.??.??"]
[Round "9"]
[White "Rausis, Igors"]
[Black "Mellado Trivino, Juan"]
[Result "1/2-1/2"]
[WhiteElo "2515"]
[BlackElo "2460"]

1.Nf3 d5 2.g3 c6 3.Bg2 Bg4 4.b3 Nd7 5.Bb2 Ngf6 6.O-O e6 7.c4 a5 8.d4 Be7
9.Nbd2 O-O 10.a3 Re8  1/2-1/2

[Event "NLD-ch sf"]
[Site "Enschede"]
[Date "1995.??.??"]
[Round "7"]
[White "Hartoch, Robert G"]
[Black "Borst, Johan"]
[Result "0-1"]
[WhiteElo "2340"]
[BlackElo "2320"]

1.Nf3 d5 2.g3 Nc6 3.c4 Bg4 4.Bg2 e6 5.O-O Bxf3 6.Bxf3 Ne5 7.cxd5 Nxf3+ 8.exf3 Qxd5
9.Nc3 Qd3 10.Qa4+ c6 11.Re1 Qxf3 12.d4 Nf6 13.d5 Nxd5 14.Nxd5 Qxd5 15.Bf4 Bc5
16.Re5 Qd4 17.Qc2 Be7 18.Rd1 Qb6 19.Re3 Qa6 20.Qb3 O-O 21.Rd7 Bc5 22.Rxe6 fxe6
23.Qxe6+ Kh8 24.Be5 Bxf2+ 25.Kg2 Bd4  0-1

[Event "Euskadi-ch"]
[Site "Euskadi"]
[Date "1995.??.??"]
[Round "2"]
[White "Ortiz, E."]
[Black "Iruzubieta, Jesus Maria"]
[Result "0-1"]
[WhiteElo "2205"]
[BlackElo "2365"]

1.Nf3 d5 2.g3 c6 3.Bg2 Bg4 4.d4 e6 5.Nbd2 Nf6 6.c4 Nbd7 7.O-O Be7 8.b3 O-O
9.Bb2 b5 10.h3 Bf5 11.Nh4 Be4 12.f3 Nh5 13.fxe4 Nxg3 14.Nhf3 dxe4 15.Nxe4 Nxe4
16.Ne5 Nxe5 17.Bxe4 Ng6 18.cxb5 Bd6 19.Bc1 f5 20.Bxc6 Nh4 21.e4 Rf6 22.e5 Rg6+
23.Kh1 Rc8 24.Bf4 Qa5 25.Qe1 Bb4 26.Qxh4 Rxc6 27.a4 Qc7 28.d5 Rc2 29.Rad1 Be7
30.Qh5 Rc3 31.Rf2 Qc5 32.Rg2 Qb4 33.Rf1 Qe4  0-1

[Event "FIN-ch-B"]
[Site "FIN"]
[Date "1995.??.??"]
[Round "?"]
[White "Lammi, Jyri"]
[Black "Tella, Jussi"]
[Result "1/2-1/2"]
[WhiteElo "2250"]
[BlackElo "2240"]

1.Nf3 d5 2.g3 c6 3.Bg2 Bg4 4.d3 Nd7 5.Nbd2 Ngf6 6.O-O e5 7.e4 dxe4 8.Nxe4 Nxe4
9.dxe4 Bc5 10.h3 Bh5 11.Qe2 Qe7 12.Be3 O-O 13.Rad1 Rad8 14.Rfe1 Bxf3 15.Bxf3 Nb6
16.Kg2 Na4 17.Bc1 Nb6 18.Rxd8 Rxd8 19.Rd1 Kf8 20.Rxd8+ Qxd8 21.Qd1 Qxd1 22.Bxd1 Ke7
23.Bg4 Nc4 24.Be2 Nd6 25.Bd3 b5 26.c3 a5 27.f4 f6 28.b3 Ke6 29.Kf3 Nf7 30.Bd2 Nd6  1/2-1/2

[Event "FIN-chT"]
[Site "FIN"]
[Date "1995.??.??"]
[Round "?"]
[White "Kivipelto, Kaj Erik"]
[Black "Tyni, Jukka Pekka"]
[Result "1/2-1/2"]
[WhiteElo "2270"]
[BlackElo "2300"]

1.Nf3 d5 2.g3 Nf6 3.Bg2 c5 4.c4 e6 5.O-O Nc6 6.b3 Be7 7.Bb2 O-O 8.Na3 d4
9.Nc2 e5 10.d3 a5 11.e3 Ne8 12.exd4 cxd4  1/2-1/2

[Event "Formia op"]
[Site "Formia"]
[Date "1995.??.??"]
[Round "?"]
[White "Drazic, Sinisa"]
[Black "Tatai, Stefano"]
[Result "1-0"]
[WhiteElo "2405"]
[BlackElo "2430"]

1.Nf3 d5 2.g3 Nf6 3.Bg2 g6 4.O-O Bg7 5.c4 O-O 6.cxd5 Nxd5 7.d4 Nb6 8.Nc3 Nc6
9.d5 Na5 10.Qc2 c6 11.dxc6 Nxc6 12.Rd1 Bd7 13.Be3 Nc4 14.Bc5 b6 15.Nd4 Nxd4
16.Bxd4 Rc8 17.Bxg7 Kxg7 18.b3 Nd6 19.Qb2 Kg8 20.Rd2 Qe8 21.Rad1 Bc6 22.e4 Nb5
23.Ne2 Nd6 24.Qd4 Rc7 25.Rc1 Qa8 26.Rdc2 Rfc8 27.Nf4 Ne8 28.h4 Qb8 29.Bh3 Rd8
30.Qe5 Rd6 31.h5 f6 32.Qb2 Bxe4 33.Rxc7 Nxc7 34.Qe2 f5 35.f3 Bb7 36.Qxe7 Nd5
37.Nxd5 Rxd5 38.Rc7  1-0

[Event "FRA-chT"]
[Site "FRA"]
[Date "1995.??.??"]
[Round "?"]
[White "Anic, Darko"]
[Black "Cruz Lopez Claret, Carlos"]
[Result "1-0"]
[WhiteElo "2410"]
[BlackElo "2300"]

1.Nf3 d5 2.g3 c6 3.Bg2 Bg4 4.d3 Nd7 5.Nbd2 e6 6.h3 Bh5 7.O-O Bd6 8.b3 Ne7
9.Bb2 O-O 10.e4 a5 11.a3 b5 12.c4 Qb6 13.Kh1 Rfd8 14.g4 Bg6 15.cxd5 cxd5
16.e5 Bb8 17.Qe2 Nc6 18.Rac1 b4 19.a4 Qa6 20.Qe3 Ba7 21.d4 Rac8 22.Rfe1 Bb6
23.Bf1 Qa7 24.Bb5 Ndb8 25.h4 h5 26.gxh5 Bxh5 27.Rg1 Ne7 28.Qg5 Bxf3+ 29.Nxf3 Nf5
30.Bd3 Qe7 31.Qg4 g6 32.Bxf5 exf5 33.Qxf5 Qd7 34.e6 Qxe6 35.Rxg6+ Qxg6 36.Rg1 Qxg1+
37.Kxg1  1-0

[Event "FRA-chT"]
[Site "FRA"]
[Date "1995.??.??"]
[Round "?"]
[White "Roos, Daniel"]
[Black "Boudre, Jean Pierre"]
[Result "1-0"]
[WhiteElo "2450"]
[BlackElo "2390"]

1.Nf3 d5 2.g3 c6 3.Bg2 Bg4 4.b3 Nd7 5.Bb2 e6 6.d3 Ngf6 7.O-O Bd6 8.c4 Qb8
9.cxd5 exd5 10.Nbd2 O-O 11.Qc2 Re8 12.Rfe1 Bb4 13.a3 Bxd2 14.Qxd2 Qd6 15.b4 Rad8
16.e3 h6 17.Bd4 b6 18.Qc3 Bxf3 19.Bxf3 c5 20.Bxf6 Nxf6 21.bxc5 bxc5 22.Qa5 Re7
23.Rac1 Rc8 24.Re2 Rec7 25.Rec2 c4 26.Be2 Rc5 27.Qxa7 c3 28.Qa4 R5c7 29.Qb4 Qe5
30.d4 Qf5 31.f3 Rc4 32.Bxc4 Rxc4 33.Qb8+ Rc8 34.Qb7 Re8 35.Rxc3 Qxf3 36.Rf1 Qe4
37.Qc7 h5 38.Qf4 Qe6 39.Qf5 Qe7 40.Rf3 Qb7 41.Qc2 Qa8 42.Kg2 Qa6 43.a4 Rb8
44.Rc6 Qb7 45.a5 Qe7 46.Rc8+ Rxc8 47.Qxc8+ Kh7 48.a6 Qa3 49.h3 Ne4 50.Qf5+ Kh6
51.g4  1-0